|
|
|
|
| LEADER |
00744cam a2200193 7i4500 |
| 001 |
0000015165 |
| 005 |
20170218090000.0 |
| 008 |
070524 eng |
| 090 |
0 |
0 |
|a HF6146
|b .D45 2005
|
| 100 |
0 |
|
|a Delon Valentine Munan
|
| 245 |
1 |
4 |
|a The advertising effectiveness in use of beauty products among central Shah Alam consumers
|c Delon Valentine Munan.
|
| 260 |
|
|
|a Bestari Jaya, Selangor:
|b UNISEL,
|c 2005.
|
| 300 |
|
|
|a vii, 86 p.;
|c 30 cm.
|
| 610 |
2 |
|
|a Universiti Industri Selangor
|
| 650 |
0 |
0 |
|a Cosmetics industry
|
| 650 |
0 |
0 |
|a Consumer satisfaction
|
| 650 |
0 |
0 |
|a Television advertising
|
| 997 |
|
|
|a Business & Accountancy, Faculty
|
| 999 |
|
|
|a PRC0000177
|b PROJECT REPORT COLLECTION
|c PROJECT REPORT COLLECTION
|e 2nd Floor, Shah Alam
|